Yield components in Hevea brasiliensis: Theoretical considerations (Record no. 72546)

MARC details
000 -LEADER
fixed length control field 00368nam a2200133Ia 4500
100 ## - MAIN ENTRY--AUTHOR NAME
Personal name Sethuraj
245 #0 - TITLE STATEMENT
Title Yield components in Hevea brasiliensis: Theoretical considerations
260 ## - PUBLICATION, DISTRIBUTION, ETC. (IMPRINT)
Name of publisher Plant Cell and Environment
Year of publication 1981
300 ## - PHYSICAL DESCRIPTION
Number of Pages 81-83
650 ## - SUBJECT ADDED ENTRY--TOPICAL TERM
Topical Term Hevea brasiliensis
650 ## - SUBJECT ADDED ENTRY--TOPICAL TERM
Topical Term Yield
942 ## - ADDED ENTRY ELEMENTS (KOHA)
Koha item type Journals
100 ## - MAIN ENTRY--AUTHOR NAME
-- M R
Holdings
Withdrawn status Lost status Damaged status Not for loan Home library Current library Shelving location Date acquired Serial Enumeration / chronology Koha item type
      Journals RRII Library RRII Library Physiology 17/12/2021 Volume 4, Issue Journals